مكتبة جامعة عجلون الوطنية

فهرس بحث المكتبة

Normal view MARC view
  • GLANVILLE, PETER JOHN

Entry Personal Name

Number of records used in: 1

001 - CONTROL NUMBER

  • control field: 5999

003 - CONTROL NUMBER IDENTIFIER

  • control field: JO-AjAnu

005 - DATE AND TIME OF LATEST TRANSACTION

  • control field: 20230606071256.0

008 - FIXED-LENGTH DATA ELEMENTS

  • fixed length control field: 230606|| aca||aabn | a|a d

040 ## - CATALOGING SOURCE

  • Original cataloging agency: JO-AjAnu
  • Transcribing agency: JO-AjAnu

100 ## - HEADING--PERSONAL NAME

  • Personal name: GLANVILLE, PETER JOHN

670 ## - SOURCE DATA FOUND

  • Source citation: Work cat.: (JO-AjAnu)3109: GLANVILLE, PETER JOHN, author, THE LEXICAL SEMANTICS OF THE ARABIC VERB